000 00995nkm a2200241 i 4500
001 5086
003 ES-MaACL
005 20250814001603.0
007 heruuh buuu
008 890404r19891918sp --- b |00 ||spa d
080 _a614(061.21)
100 1 _aSanz Romo, Marcelo.
_9103680
245 1 0 _aConcepto de la escuela moderna en lo que se refiere a su instalacion y forma de la enseñanza [
_hMicroforma] /
_cpor Marcelo Sanz Romo.
260 _aMadrid :
_bAteneo Cientifico, Literario y Artistico,
_c1989.
300 _a25 fotogramas en 1 microficha :
_bnegativo.
490 1 _aMemorias premiadas de la Sociedad Española de Higiene. Legado Roel ;
_v22
500 _aPublicado originalmente: Madrid, Sociedad Española de Higiene, 1918.
810 2 _aSociedad Española de Higiene-
_kMemorias premiadas
_96727
830 0 0 _aLegado Roel: Colección de memorias premiadas
_v22
_9183286
852 4 _aES-MaACL
_jMCF-3
_95203
942 _2udc
_cMICROFORMA
999 _c5086
_d5086